[Event "SB-2014-0-00365"]
[Site "LSS email"]
[Date "2014.05.21"]
[Round "?"]
[White "Oliger, Mark L"]
[Black "Mostowik, Pawel"]
[Result "1/2-1/2"]
[WhiteElo "1835"]
[BlackElo "1688"]
[PlyCount "83"]
[EventDate "2014.04.08"]
[EventType "tourn (corr)"]
[EventRounds "6"]
[EventCountry "GER"]
[SourceTitle "Corr 2015"]
[Source "ChessBase"]
[SourceDate "2015.07.17"]
[SourceVersion "1"]
[SourceVersionDate "2015.07.17"]
[SourceQuality "1"]

1. d4 d5 2. c4 dxc4 3. Nf3 Nf6 4. e3 e6 5. Bxc4 Be7 6. 0-0 c5 7. Qe2 cxd4 8. exd4 Nc6 9. Rd1 0-0 10. a3 Nd5 11. Nc3 h6 12. Bd2 a6 13. Rac1 Bd6 14. Ba2 Qb6 15. Nxd5 exd5 16. Bxd5 Qxb2 17. Rb1 Qxa3 18. Be1 Be7 19. Be4 Re8 20. Bc2 Bg4 21. Qe4 f5 22. Qd5+ Kh8 23. Rxb7 Qd6 24. Qxd6 Bxd6 25. Ba4 Nd8 26. Rd7 Bf8 27. d5 a5 28. Bc3 Re4 29. Ra1 Rc4 30. Be5 Bh5 31. Nd2 Rcc8 32. Rc7 Nf7 33. Bf4 Bd6 34. Bxd6 Nxd6 35. Rd7 Rd8 36. Rxd8+ Rxd8 37. Bc6 Rb8 38. Rxa5 Rb2 39. Nf1 Be2 40. Ra1 f4 41. h3 Kh7 42. Nh2 1/2-1/2

[Event "LSS No Engine Cup 86 Final"]
[Site "LSS email"]
[Date "2013.11.11"]
[Round "?"]
[White "Pavlicek, Miroslav"]
[Black "Oliger, Mark L"]
[Result "1-0"]
[WhiteElo "1553"]
[BlackElo "1846"]
[PlyCount "65"]
[EventDate "2013.11.12"]
[EventType "tourn (corr)"]
[EventRounds "6"]
[EventCountry "GER"]
[SourceTitle "Telechess CBM 167"]
[Source "ChessBase"]
[SourceDate "2015.07.13"]
[SourceVersion "1"]
[SourceVersionDate "2015.07.13"]
[SourceQuality "1"]

1. d4 d5 2. Nf3 Nf6 3. c4 dxc4 4. e3 e6 5. Bxc4 c5 6. Qe2 a6 7. dxc5 Bxc5 8. 0-0 Nc6 9. e4 b5 10. Bb3 Nd4 11. Nxd4 Qxd4 12. Be3 Qe5 13. Bxc5 Qxc5 14. Nc3 Bb7 15. Rad1 b4 16. e5 bxc3 17. exf6 gxf6 18. Rd3 0-0 19. Bc2 f5 20. Rxc3 Qd4 21. Rd1 Qf6 22. Rd7 Bd5 23. Bb3 Rad8 24. Rdc7 Bxb3 25. Rxb3 Rc8 26. Rg3+ Kh8 27. Rxc8 Rxc8 28. h3 e5 29. Rd3 Qe6 30. Ra3 Rc6 31. b4 f4 32. b5 axb5 33. Qxb5 1-0

[Event "SC-2013-0-00193"]
[Site "LSS email"]
[Date "2013.08.24"]
[Round "?"]
[White "Pilgram, Kurt"]
[Black "Oliger, Mark L"]
[Result "1/2-1/2"]
[WhiteElo "1861"]
[BlackElo "1824"]
[PlyCount "77"]
[EventDate "2013.06.29"]
[EventType "tourn (corr)"]
[EventRounds "6"]
[EventCountry "GER"]
[SourceTitle "Telechess CBM 167"]
[Source "ChessBase"]
[SourceDate "2015.07.13"]
[SourceVersion "1"]
[SourceVersionDate "2015.07.13"]
[SourceQuality "1"]

1. c4 e5 2. Nc3 d6 3. d4 exd4 4. Qxd4 Nc6 5. Qd1 g6 6. e4 Bg7 7. Bd3 Nge7 8. Nf3 Bg4 9. h3 Bxf3 10. Qxf3 Ne5 11. Qd1 Nxd3+ 12. Qxd3 Nc6 13. Be3 0-0 14. 0-0 Re8 15. f3 a5 16. Nd5 Nb4 17. Qd2 Nxd5 18. cxd5 c5 19. dxc6 bxc6 20. Rac1 Qd7 21. Bd4 Bxd4+ 22. Qxd4 Rab8 23. b3 d5 24. Rfd1 Rb5 25. Rc5 Rxc5 26. Qxc5 Qe6 27. Qxa5 dxe4 28. fxe4 Qxe4 29. Qc3 Qe2 30. Rd2 Qh5 31. a4 Qg5 32. Rd3 Re2 33. Qxc6 Re1+ 34. Kf2 Rb1 35. Qc8+ Kg7 36. Qc3+ Kg8 37. Qd4 Qc1 38. Qe4 Rb2+ 39. Kg3 1/2-1/2

[Event "ZI-2013-0-01659"]
[Site "LSS email"]
[Date "2013.08.12"]
[Round "?"]
[White "Hillebrand, Carsten"]
[Black "Oliger, Mark L"]
[Result "1/2-1/2"]
[WhiteElo "1699"]
[BlackElo "1771"]
[PlyCount "43"]
[EventDate "2013.08.07"]
[EventType "match (corr)"]
[EventRounds "2"]
[EventCountry "GER"]
[SourceTitle "Telechess CBM 163"]
[Source "ChessBase"]
[SourceDate "2014.11.11"]
[SourceVersion "2"]
[SourceVersionDate "2014.11.11"]
[SourceQuality "1"]

1. d4 Nf6 2. c4 e6 3. Nc3 Bb4 4. e3 0-0 5. Nge2 d5 6. a3 Bd6 7. Ng3 c6 8. Bd3 e5 9. cxd5 cxd5 10. Nb5 e4 11. Nxd6 Qxd6 12. Be2 Nc6 13. 0-0 g6 14. h3 h5 15. Re1 h4 16. Nf1 Bd7 17. Bd2 Kg7 18. Qb3 Rfc8 19. Rec1 Rc7 20. Qd1 Rac8 21. Be1 Qe7 22. Rc5 1/2-1/2

[Event "OP-2013-0-02920"]
[Site "LSS email"]
[Date "2013.08.03"]
[Round "?"]
[White "Oliger, Mark L"]
[Black "Raines, David T"]
[Result "1-0"]
[WhiteElo "1751"]
[BlackElo "999"]
[PlyCount "57"]
[EventDate "2013.07.31"]
[EventType "tourn (corr)"]
[EventRounds "4"]
[EventCountry "GER"]
[SourceTitle "Telechess CBM 161"]
[Source "ChessBase"]
[SourceDate "2014.07.16"]
[SourceVersion "1"]
[SourceVersionDate "2014.07.16"]
[SourceQuality "1"]

1. d4 d5 2. c4 c6 3. Nc3 Nf6 4. e3 a6 5. Nf3 g6 6. Bd3 Bg7 7. Qc2 0-0 8. 0-0 dxc4 9. Bxc4 b5 10. Be2 Bb7 11. a3 Nbd7 12. b4 a5 13. Bb2 axb4 14. axb4 Nb6 15. Rxa8 Bxa8 16. Ra1 Nbd5 17. e4 Nf4 18. Bd1 Bb7 19. Ne2 Nxe2+ 20. Bxe2 Qb8 21. Ne5 Rd8 22. g3 Nd7 23. Nxc6 Bxc6 24. Qxc6 Nf6 25. Ra5 Rc8 26. Rxb5 Rxc6 27. Rxb8+ Bf8 28. Bd3 Kg7 29. b5 1-0

[Event "OP-2013-0-02920"]
[Site "LSS email"]
[Date "2013.08.03"]
[Round "?"]
[White "Vodicka, Milan"]
[Black "Oliger, Mark L"]
[Result "1/2-1/2"]
[WhiteElo "1935"]
[BlackElo "1751"]
[PlyCount "47"]
[EventDate "2013.07.31"]
[EventType "tourn (corr)"]
[EventRounds "4"]
[EventCountry "GER"]
[SourceTitle "Telechess CBM 161"]
[Source "ChessBase"]
[SourceDate "2014.07.16"]
[SourceVersion "1"]
[SourceVersionDate "2014.07.16"]
[SourceQuality "1"]

1. d4 d5 2. c4 c6 3. Nf3 Nf6 4. Nc3 dxc4 5. a4 Bf5 6. e3 e6 7. Bxc4 Bb4 8. 0-0 0-0 9. Qe2 Bg4 10. Rd1 Qa5 11. e4 Qh5 12. h3 Bxf3 13. Qxf3 Qxf3 14. gxf3 Nbd7 15. Be3 Rfd8 16. a5 a6 17. Be2 Rac8 18. Ra4 Be7 19. Raa1 Nf8 20. f4 Ng6 21. Bf3 Ne8 22. Na4 Bd6 23. e5 Nh4 24. Be4 1/2-1/2

[Event "ZI-2013-0-01643"]
[Site "LSS email"]
[Date "2013.07.19"]
[Round "?"]
[White "Salazar Moran, Alejandro Fortunato"]
[Black "Oliger, Mark L"]
[Result "1/2-1/2"]
[WhiteElo "1437"]
[BlackElo "1751"]
[PlyCount "66"]
[EventDate "2013.07.04"]
[EventType "match (corr)"]
[EventRounds "2"]
[EventCountry "GER"]
[SourceTitle "Telechess CBM 161"]
[Source "ChessBase"]
[SourceDate "2014.07.16"]
[SourceVersion "1"]
[SourceVersionDate "2014.07.16"]
[SourceQuality "1"]

1. e4 e5 2. Nf3 Nc6 3. Bb5 a6 4. Ba4 Nf6 5. 0-0 Be7 6. Re1 b5 7. Bb3 d6 8. c3 0-0 9. d4 Bg4 10. Be3 exd4 11. cxd4 Na5 12. Bc2 Nc4 13. Bc1 c5 14. b3 Nb6 15. Nbd2 Nfd7 16. a3 Bf6 17. h3 Bh5 18. Bb2 Bxd4 19. Bxd4 cxd4 20. g4 Bg6 21. Nxd4 Qf6 22. Nf1 Rac8 23. Qd2 d5 24. Ng3 dxe4 25. Nxe4 Qh4 26. Kg2 f5 27. Qg5 Qxg5 28. Nxg5 fxg4 29. Bxg6 gxh3+ 30. Kxh3 hxg6 31. Kg3 Nf6 32. Rac1 Nbd5 33. Rxc8 Rxc8 1/2-1/2

[Event "OP-2013-0-02884"]
[Site "LSS email"]
[Date "2013.07.15"]
[Round "?"]
[White "Oliger, Mark L"]
[Black "Vontina, Maria"]
[Result "1-0"]
[WhiteElo "1751"]
[BlackElo "772"]
[PlyCount "43"]
[EventDate "2013.07.12"]
[EventType "tourn (corr)"]
[EventRounds "4"]
[EventCountry "GER"]
[SourceTitle "Telechess CBM 161"]
[Source "ChessBase"]
[SourceDate "2014.07.16"]
[SourceVersion "1"]
[SourceVersionDate "2014.07.16"]
[SourceQuality "1"]

1. d4 Nf6 2. c4 g6 3. Nc3 Bg7 4. e4 d6 5. f3 0-0 6. Be3 b6 7. Nge2 c5 8. d5 a6 9. g4 Bd7 10. a4 Ne8 11. h4 e5 12. Qd2 Nc7 13. h5 Qe7 14. Ng3 f5 15. Bg5 Qf7 16. hxg6 hxg6 17. Qh2 Qe8 18. exf5 gxf5 19. Qh7+ Kf7 20. Rh6 Rh8 21. Rf6+ Ke7 22. Rxf5# 1-0

[Event "OP-2013-0-02876"]
[Site "LSS email"]
[Date "2013.07.12"]
[Round "?"]
[White "Oliger, Mark L"]
[Black "Korinek, Jaroslav"]
[Result "1-0"]
[WhiteElo "1771"]
[BlackElo "1630"]
[PlyCount "61"]
[EventDate "2013.07.08"]
[EventType "tourn (corr)"]
[EventRounds "4"]
[EventCountry "GER"]
[SourceTitle "Telechess CBM 163"]
[Source "ChessBase"]
[SourceDate "2014.11.11"]
[SourceVersion "2"]
[SourceVersionDate "2014.11.11"]
[SourceQuality "1"]

1. d4 Nf6 2. c4 e6 3. Nc3 d5 4. cxd5 exd5 5. Bg5 Be7 6. e3 0-0 7. Bd3 h6 8. Bh4 c5 9. dxc5 Bxc5 10. Nge2 Nc6 11. 0-0 Be6 12. Rc1 Bd6 13. h3 Re8 14. Bb1 Be7 15. Nf4 Qd6 16. Qc2 Nb4 17. Qb3 g5 18. Nxe6 Qxe6 19. Bg3 Rec8 20. Rcd1 Rd8 21. Nb5 Qb6 22. Nd4 Nc6 23. Nf5 Bf8 24. Qc3 Nh5 25. Qc2 Nf6 26. f4 Nb4 27. Qe2 Re8 28. fxg5 hxg5 29. a3 Nc6 30. Rxd5 Rad8 31. Rb5 1-0

[Event "SC-2013-0-00186"]
[Site "LSS email"]
[Date "2013.05.27"]
[Round "?"]
[White "Oliger, Mark L"]
[Black "Bujdak, Pavol"]
[Result "1/2-1/2"]
[WhiteElo "1775"]
[BlackElo "1600"]
[PlyCount "75"]
[EventDate "2013.04.14"]
[EventType "tourn (corr)"]
[EventRounds "6"]
[EventCountry "GER"]
[SourceTitle "Telechess CBM 167"]
[Source "ChessBase"]
[SourceDate "2015.07.13"]
[SourceVersion "1"]
[SourceVersionDate "2015.07.13"]
[SourceQuality "1"]

1. d4 Nf6 2. c4 g6 3. Nc3 Bg7 4. e4 d6 5. f3 0-0 6. Be3 Nc6 7. Nge2 a6 8. Qd2 Rb8 9. Rc1 Bd7 10. Nd1 Re8 11. g3 e6 12. Bg2 b5 13. c5 dxc5 14. Rxc5 Bf8 15. Rc1 e5 16. d5 Bb4 17. Ndc3 Na5 18. b3 c5 19. 0-0 c4 20. Rb1 Rc8 21. Kh1 Qc7 22. Qe1 cxb3 23. axb3 Nb7 24. Bg5 Qd6 25. Qd2 Rc7 26. Qd3 Bxc3 27. Nxc3 Rec8 28. Rfc1 b4 29. Nd1 Bb5 30. Qd2 Nd7 31. Rxc7 Rxc7 32. Bh3 a5 33. Kg2 f6 34. Bh6 Ndc5 35. Nf2 Bd7 36. Bxd7 Nxd7 37. Be3 Kg7 38. Rc1 1/2-1/2

[Event "SC-2013-0-00186"]
[Site "LSS email"]
[Date "2013.05.26"]
[Round "?"]
[White "Camps, Jean Pierre"]
[Black "Oliger, Mark L"]
[Result "1/2-1/2"]
[WhiteElo "1743"]
[BlackElo "1775"]
[PlyCount "75"]
[EventDate "2013.04.14"]
[EventType "tourn (corr)"]
[EventRounds "6"]
[EventCountry "GER"]
[SourceTitle "Telechess CBM 167"]
[Source "ChessBase"]
[SourceDate "2015.07.13"]
[SourceVersion "1"]
[SourceVersionDate "2015.07.13"]
[SourceQuality "1"]

1. e4 e5 2. Nf3 Nc6 3. Bb5 a6 4. Ba4 Nf6 5. 0-0 Be7 6. Re1 b5 7. Bb3 d6 8. c3 0-0 9. h3 Na5 10. Bc2 c5 11. d4 Qc7 12. Nbd2 Nc6 13. d5 Nd8 14. a4 Rb8 15. axb5 axb5 16. b4 Bd7 17. Nf1 Ne8 18. Be3 f6 19. Ng3 g6 20. Qe2 Nf7 21. Ra2 Ng7 22. Rea1 f5 23. exf5 gxf5 24. h4 e4 25. Ng5 Nxg5 26. Bxg5 Bxg5 27. hxg5 cxb4 28. cxb4 Qc3 29. Ra7 Rbd8 30. Bxe4 fxe4 31. Nxe4 Qd4 32. Nf6+ Rxf6 33. gxf6 Qxf6 34. Ra8 Re8 35. Rxe8+ Nxe8 36. Ra7 Qg7 37. Qe3 Nf6 38. f3 1/2-1/2

[Event "LSS No Engine Cup 86 Preliminary 6"]
[Site "LSS email"]
[Date "2013.04.21"]
[Round "?"]
[White "Oliger, Mark L"]
[Black "Gajic, Sladjan"]
[Result "1/2-1/2"]
[WhiteElo "1751"]
[BlackElo "1808"]
[PlyCount "54"]
[EventDate "2013.04.22"]
[EventType "tourn (corr)"]
[EventRounds "6"]
[EventCountry "GER"]
[SourceTitle "Telechess CBM 161"]
[Source "ChessBase"]
[SourceDate "2014.07.16"]
[SourceVersion "1"]
[SourceVersionDate "2014.07.16"]
[SourceQuality "1"]

1. d4 Nf6 2. c4 e6 3. Nc3 Bb4 4. e3 0-0 5. Nge2 d5 6. a3 Be7 7. cxd5 exd5 8. Nf4 c6 9. Bd3 Re8 10. 0-0 Nbd7 11. f3 Nf8 12. Bc2 Ne6 13. e4 dxe4 14. Nxe6 Bxe6 15. fxe4 Qb6 16. Na4 Qa6 17. e5 Nd7 18. Be3 Rad8 19. Qh5 g6 20. Qf3 c5 21. Nxc5 Bxc5 22. dxc5 Nxe5 23. Qf4 Ng4 24. Rae1 Qc4 25. Ba4 Nxe3 26. Rxe3 Rd4 27. Qf6 Qxa4 1/2-1/2

[Event "SC-2012-0-00172"]
[Site "LSS email"]
[Date "2013.01.21"]
[Round "?"]
[White "Correa de Almeida, Claudio"]
[Black "Oliger, Mark L"]
[Result "1/2-1/2"]
[WhiteElo "1626"]
[BlackElo "1751"]
[PlyCount "66"]
[EventDate "2012.12.29"]
[EventType "tourn (corr)"]
[EventRounds "6"]
[EventCountry "GER"]
[SourceTitle "Telechess CBM 161"]
[Source "ChessBase"]
[SourceDate "2014.07.16"]
[SourceVersion "1"]
[SourceVersionDate "2014.07.16"]
[SourceQuality "1"]

1. d4 d5 2. c4 dxc4 3. e3 e5 4. Bxc4 exd4 5. exd4 Bd6 6. Nf3 Nf6 7. 0-0 0-0 8. Nc3 Nc6 9. h3 h6 10. Qc2 Nb4 11. Qb1 Be6 12. Bxe6 fxe6 13. Re1 Qe8 14. a3 Nbd5 15. Qd3 Qf7 16. Bd2 c6 17. Re2 Nh5 18. Nxd5 exd5 19. Rae1 Rae8 20. Ne5 Bxe5 21. dxe5 Nf4 22. Bxf4 Qxf4 23. e6 Re7 24. Qc2 Qd6 25. Qa4 b6 26. Re5 Rf6 27. Qg4 d4 28. R5e4 c5 29. f4 d3 30. f5 b5 31. Rf1 a6 32. h4 Qd5 33. h5 d2 1/2-1/2

[Event "SC-2012-0-00172"]
[Site "LSS email"]
[Date "2013.01.21"]
[Round "?"]
[White "Luers, Charles J"]
[Black "Oliger, Mark L"]
[Result "1/2-1/2"]
[WhiteElo "1869"]
[BlackElo "1751"]
[PlyCount "83"]
[EventDate "2012.12.29"]
[EventType "tourn (corr)"]
[EventRounds "6"]
[EventCountry "GER"]
[SourceTitle "Telechess CBM 161"]
[Source "ChessBase"]
[SourceDate "2014.07.16"]
[SourceVersion "1"]
[SourceVersionDate "2014.07.16"]
[SourceQuality "1"]

1. e4 e5 2. Nf3 Nc6 3. Bc4 Bc5 4. c3 Nf6 5. d3 a6 6. 0-0 Ba7 7. Bb3 0-0 8. Nbd2 d6 9. h3 Be6 10. Bxe6 fxe6 11. b4 Qd7 12. a4 Ne7 13. Nb3 Ng6 14. Be3 Bxe3 15. fxe3 b6 16. a5 d5 17. Nbd2 b5 18. Nb3 Qe7 19. Nc5 Nd7 20. Nxd7 Qxd7 21. c4 Rf7 22. cxd5 exd5 23. Qc2 c6 24. Rac1 Rf6 25. exd5 cxd5 26. Qc7 Qxc7 27. Rxc7 d4 28. exd4 exd4 29. Nxd4 Nf4 30. Kh2 Nd5 31. Rxf6 gxf6 32. Rd7 Nxb4 33. Ne6 Nc6 34. Rd6 Rc8 35. d4 Nxa5 36. Rxa6 Nc4 37. d5 Rb8 38. d6 Ne5 39. Nc5 b4 40. d7 b3 41. Nxb3 Nxd7 42. Nd4 1/2-1/2

[Event "SC-2012-0-00169"]
[Site "LSS email"]
[Date "2013.01.05"]
[Round "?"]
[White "Oliger, Mark L"]
[Black "Pilgram, Kurt"]
[Result "1-0"]
[WhiteElo "1751"]
[BlackElo "1816"]
[PlyCount "59"]
[EventDate "2012.12.20"]
[EventType "tourn (corr)"]
[EventRounds "6"]
[EventCountry "GER"]
[SourceTitle "Telechess CBM 161"]
[Source "ChessBase"]
[SourceDate "2014.07.16"]
[SourceVersion "1"]
[SourceVersionDate "2014.07.16"]
[SourceQuality "1"]

1. d4 Nf6 2. c4 e6 3. Nc3 c5 4. d5 exd5 5. cxd5 d6 6. e4 g6 7. Nge2 Bg7 8. Ng3 0-0 9. Be2 a6 10. a4 Nbd7 11. 0-0 Re8 12. f3 Qc7 13. Be3 h5 14. Nh1 b6 15. Nf2 Nh7 16. Qd2 Qd8 17. Rab1 Qf6 18. Rfc1 Qe7 19. b4 f5 20. Re1 Ne5 21. f4 Nf7 22. Bd3 Qc7 23. Rec1 Qe7 24. bxc5 dxc5 25. Rxb6 fxe4 26. Ncxe4 Bf5 27. d6 Qd8 28. a5 Rb8 29. Rxc5 Rxb6 30. axb6 1-0